Asamiya bhashar shikshan paddhati/ (Record no. 11084)

MARC details
000 -LEADER
fixed length control field 00599nam a22002177a 4500
005 - DATE AND TIME OF LATEST TRANSACTION
control field 20260515114854.0
008 - FIXED-LENGTH DATA ELEMENTS--GENERAL INFORMATION
fixed length control field 201128b ||||| |||| 00| 0 eng d
020 ## - INTERNATIONAL STANDARD BOOK NUMBER
International Standard Book Number 9789389865264
040 ## - CATALOGING SOURCE
Original cataloging agency IN-DiNC
Transcribing agency IN-DiNC
041 ## - LANGUAGE CODE
Language code of sung or spoken text asm
082 ## - DEWEY DECIMAL CLASSIFICATION NUMBER
Classification number 491.451
Item number ASA
245 ## - TITLE STATEMENT
Title Asamiya bhashar shikshan paddhati/
Statement of responsibility, etc. ed. by Karabi Gogoi and Dipali Gogoi
250 ## - EDITION STATEMENT
Edition statement 1st ed.
260 ## - PUBLICATION, DISTRIBUTION, ETC.
Place of publication, distribution, etc. Dibrugarh:
Name of publisher, distributor, etc. Banalata,
Date of publication, distribution, etc. 2020
300 ## - PHYSICAL DESCRIPTION
Extent 134p.
650 ## - SUBJECT ADDED ENTRY--TOPICAL TERM
Topical term or geographic name entry element Assamese
650 ## - SUBJECT ADDED ENTRY--TOPICAL TERM
Topical term or geographic name entry element Teaching of Assamese language
700 ## - ADDED ENTRY--PERSONAL NAME
Personal name Gogoi, Karabi
Relator term author
700 ## - ADDED ENTRY--PERSONAL NAME
Personal name Gogoi, Dipali
Relator term author
942 ## - ADDED ENTRY ELEMENTS (KOHA)
Source of classification or shelving scheme Dewey Decimal Classification
Koha item type Books
Holdings
Withdrawn status Lost status Source of classification or shelving scheme Damaged status Not for loan Collection Home library Current library Shelving location Date acquired Cost, normal purchase price Total checkouts Full call number Barcode Date last seen Date last checked out Copy number Price effective from Koha item type
    Dewey Decimal Classification       Naharkatiya College Library Naharkatiya College Library General stacks 11/28/2020 160.00 8 491.451 ASA 28554 11/12/2021 11/12/2021 5 11/28/2020 Books
    Dewey Decimal Classification       Naharkatiya College Library Naharkatiya College Library General stacks 12/18/2020 160.00 9 491.451 ASA 28550 11/27/2024 10/26/2024 1 12/18/2020 Books
    Dewey Decimal Classification       Naharkatiya College Library Naharkatiya College Library General stacks 12/18/2020 160.00 4 491.451 ASA 28551 02/24/2022 02/15/2022 2 12/18/2020 Books
    Dewey Decimal Classification       Naharkatiya College Library Naharkatiya College Library General stacks 12/18/2020 160.00 3 491.451 ASA 28552 12/04/2021 11/12/2021 3 12/18/2020 Books
    Dewey Decimal Classification       Naharkatiya College Library Naharkatiya College Library General stacks 12/18/2020 160.00 2 491.451 ASA 28553 09/26/2025 10/26/2021 4 12/18/2020 Books